000 00348cam a22001217a 4500
008 180718b1960 xxu||||| |||| 00| 0 eng d
082 _aA6x635 T728
100 _aTrevaskis, G.K.N.
245 _aEritrea: a colony in transition: 1941-52.
_cby G.K.N. Trevaskis
260 _aLondon
_bOxford
_c1960
300 _aviii, 137p
650 _aEritrea -History.
999 _c413143
_d413143